Tri svetové mocnosti: USA, Čína a India?

Vzájomné zbližovanie vzťahov medzi Indiou a Čínou. Podpísanie nových dohôd vrátane päťročného paktu o strategickej spolupráci. Urovnávanie hraničných sporov. Budovanie strategickej väzby medzi USA a Indiou. Zahraničná politika USA a posilňovanie vzájomných vzťahov medzi tromi uvedenými štátmi.

Salvato in:
Dettagli Bibliografici
Autore principale: Nye, Joseph S.
Natura: Capitolo di libro
Lingua:slovacco
Soggetti:
Tags: Aggiungi Tag
Nessun Tag, puoi essere il primo ad aggiungerne!!

MARC

LEADER 00000naa$a2200000$$$4500
001 0028603
005 20231004125840.6
041 0 |a slo 
044 |a SK 
245 1 0 |a Tri svetové mocnosti: USA, Čína a India?  |c Joseph S. Nye 
520 |a Vzájomné zbližovanie vzťahov medzi Indiou a Čínou. Podpísanie nových dohôd vrátane päťročného paktu o strategickej spolupráci. Urovnávanie hraničných sporov. Budovanie strategickej väzby medzi USA a Indiou. Zahraničná politika USA a posilňovanie vzájomných vzťahov medzi tromi uvedenými štátmi. 
610 2 0 |a spolupráca hospodárska medzinárodná 
610 2 0 |a politika zahraničná 
610 2 0 |a rast hospodársky 
610 2 0 |a demokracia 
610 2 0 |a aliancie strategické 
610 2 0 |a dohody medzinárodné 
610 2 0 |a Čína 
610 2 0 |a India 
610 2 0 |a USA 
100 1 |a Nye, Joseph S.